| 000 -LEADER | |
|---|---|
| fixed length control field | 00726nam a22002297a 4500 |
| 005 - DATE AND TIME OF LATEST TRANSACTION | |
| control field | 20250420134818.0 |
| 008 - FIXED-LENGTH DATA ELEMENTS--GENERAL INFORMATION | |
| fixed length control field | 200813b ||||| |||| 00| 0 eng d |
| 020 ## - INTERNATIONAL STANDARD BOOK NUMBER | |
| International Standard Book Number | 9781873186121 |
| 040 ## - CATALOGING SOURCE | |
| Original cataloging agency | KCST |
| Transcribing agency | KCST |
| 082 ## - DEWEY DECIMAL CLASSIFICATION NUMBER | |
| Classification number | 658.1511 |
| Item number | Mi Fu |
| 100 ## - MAIN ENTRY--PERSONAL NAME | |
| Personal name | Mills, R. W. (Roger W.) |
| Dates associated with a name | 1951- |
| 9 (RLIN) | 5104 |
| 245 ## - TITLE STATEMENT | |
| Title | Fundamentals of managerial accounting and finance / |
| Statement of responsibility, etc. | Roger W Mills, John Robertson, Carole F Print, Sean A Rowbotham |
| 250 ## - EDITION STATEMENT | |
| Edition statement | 4th edition |
| 260 ## - PUBLICATION, DISTRIBUTION, ETC. | |
| Place of publication, distribution, etc. | Lechlade : |
| Name of publisher, distributor, etc. | Mars Business Associates, |
| Date of publication, distribution, etc. | 1999. |
| 300 ## - PHYSICAL DESCRIPTION | |
| Extent | 440 p. |
| 650 ## - SUBJECT ADDED ENTRY--TOPICAL TERM | |
| Topical term or geographic name entry element | Managerial accounting. |
| 9 (RLIN) | 5105 |
| 700 ## - ADDED ENTRY--PERSONAL NAME | |
| Personal name | Robertson, John |
| 9 (RLIN) | 5106 |
| 700 ## - ADDED ENTRY--PERSONAL NAME | |
| Personal name | Print, Carole F. |
| 9 (RLIN) | 5107 |
| 700 ## - ADDED ENTRY--PERSONAL NAME | |
| Personal name | Rowbotham, Sean A |
| 9 (RLIN) | 5108 |
| 942 ## - ADDED ENTRY ELEMENTS (KOHA) | |
| Koha item type | Book |
| 942 ## - ADDED ENTRY ELEMENTS (KOHA) | |
| Source of classification or shelving scheme | Dewey Decimal Classification |
| Withdrawn status | Lost status | Source of classification or shelving scheme | Damaged status | Not for loan | Home library | Current library | Date acquired | Source of acquisition | Cost, normal purchase price | Total checkouts | Full call number | Barcode | Date last seen | Price effective from | Koha item type |
|---|---|---|---|---|---|---|---|---|---|---|---|---|---|---|---|
| Dewey Decimal Classification | KCST Library | KCST Library | 13/08/2020 | Unknown | 0.00 | 658.1511 Mi Fu | 1000000564 | 13/08/2020 | 13/08/2020 | Book |